|
|
|
|
| LEADER |
00000nam a2200000 a 4500 |
| 001 |
vtls001289678 |
| 003 |
SK-MaSNL |
| 005 |
20260301064918.0 |
| 008 |
251113s1996 xo aap r yy slo |
| 015 |
|
|
|a SNBA1997/0902657
|
| 020 |
|
|
|a 8021703776
|
| 035 |
|
|
|a SNK000241302
|
| 035 |
|
|
|a urn:nbn:sk:snk-amkged
|
| 035 |
|
|
|a urn:nbn:sk:snk-am002yhj
|
| 035 |
|
|
|a A96CB127-34DB-4B14-BE5E-BB9B2E2F6A34
|
| 040 |
|
|
|a SNK
|b slo
|c SNK
|e AACR2
|
| 041 |
0 |
|
|a slo
|
| 044 |
|
|
|a xo
|c SK
|
| 080 |
|
|
|a 616.89.434.5
|2 1981
|
| 100 |
1 |
|
|a Cséfalvay, Zsolt,
|d 1959-
|4 aut
|9 188853
|
| 245 |
1 |
0 |
|a Afaziológia pre klinickú prax
|c Zsolt Cséfalvay, Pavol Traubner
|
| 260 |
|
|
|a Martin
|b Osveta
|c c1996
|
| 300 |
|
|
|a 207 s.
|b fotogr., tab.
|c 21 cm
|
| 490 |
1 |
|
|a Efeta
|v 4
|
| 500 |
|
|
|a Fotogr. na predsádkach
|
| 504 |
|
|
|a Bibliogr. s. 197-203. Reg.
|
| 650 |
0 |
7 |
|a afázia
|2 SNKPH
|9 660
|
| 650 |
0 |
7 |
|a reč
|2 SNKPH
|9 2174
|
| 650 |
0 |
7 |
|a poruchy reči
|2 SNKPH
|9 662
|
| 655 |
|
7 |
|a príručky
|2 SNKPH
|9 74364
|
| 700 |
1 |
|
|a Traubner, Pavel,
|d 1941-2024
|4 aut
|9 117745
|
| 830 |
|
0 |
|a Efeta
|9 382892
|
| 919 |
|
|
|a 80-217-0377-6
|
| 958 |
|
|
|a OND
|
| 958 |
|
|
|a TL
|
| 958 |
|
|
|a NB
|
| 999 |
|
|
|c 628705
|d 630635
|
| 952 |
|
|
|t P60, <09>, [BOOK], {629}
|a SNK
|b SNK
|y NEVYP
|7 0
|o snkC 1417
|i snk2685/970616
|0 0
|1 0
|4 0
|d 1997-06-12
|l 0
|r 2005-01-02 00:00:00
|w 2026-02-23
|
| 952 |
|
|
|t P60, <03>, [BOOK], {603}
|a SNK
|b SNK
|y PREZ
|7 0
|p 17A0069188
|o snkSC 93354
|i snkKSP 5941/97
|0 0
|1 0
|4 0
|d 1997-06-12
|f 1
|l 0
|r 2025-09-11 00:00:00
|w 2026-02-23
|
| 952 |
|
|
|t P60, <04>, [BOOK], {604}
|a SNK
|b SNK
|y VYP
|7 0
|p 17A0069187
|o snkSC 93354 D1
|i snkKSP 5942/97
|0 0
|1 0
|4 0
|d 1997-06-12
|l 0
|r 2005-01-02 00:00:00
|w 2026-02-23
|
| 952 |
|
|
|t snkCSE 616.8
|a SNKUST
|b SNKUST
|y PREZ
|7 0
|p 17A0296846
|o snkOKIS 224/2001
|0 0
|1 0
|4 0
|d 2001-10-05
|l 0
|r 2025-04-30 00:00:00
|w 2026-02-23
|